1268 1046 1446 1640 1414 1952 1587 1380 1995 1281 1336 1251 1470 1230 1005 1461 1616 1771 1332 1784 1500 1528 1797 1471 1383 1337 1174 1423 1246 1778 1917 1526 1746 1595 1709 1825 1113 1296 1262 1702 1520 1364 1627 1339 1442 1126 1356 1891 1950 1179 1864 1867 1358 1887 1931 1265 1628 1145 1418 1128 1602 1218 1907 1060 1594 1515 1244 1435 1544 1222 1911 1925 1117 1793 1555 1395 1176 1115 1723 1940 1415 1775 1836 1261 1531 1854 1972 1980 1848 1625 1695 1559 1634 1955 1849 1674 1349 1923 1658 BCNSPRNW ULIB Ver.6.0+V

เปลี่ยนเป็นภาษาไทย

Change to English
 แสดงรายละเอียดบรรณานุกรม
  กลับหน้าหลัก

Brief Record : Get Marc (ISO 2709) : E-mail record : QR code < ปิดหน้าต่าง
LEADER : 00000nam 2200000uu 4500
001    13399129037
003     ULIB
008    250526s2567||||th 000 0 tha d
020    ^a9786168201411
060  4 ^aWQ330^bส482ต
100 0  ^aสายฝน ชวาลไพบูลย์
245 1  ^aตำราคลอดก่อนกำหนด = Preterm labour /^cสายฝน ชวาลไพบูลย์
246 3  ^aPreterm labour.
250    ^aพิมพ์ครั้งที่ 1.
260    ^aกรุงเทพฯ :^bสำนักพิมพ์ศิริราช คณะแพทยศาสตร์ศิริราชพยาบาล มหาวิทยาลับมหิดล,^c2567.
300    ^axix, 422 หน้า :^bภาพประกอบ (ภาพสีบางภาพ), แผนภูมิ ;^c27 ซม
505 0  ^aส่วนที่ 1 ความเป็นมา สถานการณ์ ผลกระทบ ปัญหา และความรู้ทั่วไปเกี่ยวกับการคลอดก่อนกำหนด : คลอดก่อนกำหนด : ปัญหาระดับนานาชาติและระดับชาติ ; ภาวะเจ็บครรภ์และคลอดก่อนกำหนด -- ส่วนที่ 2 ความรู้พื้นฐานเกี่ยวกับกายวิภาค สรีรวิทยา การเปลี่ยนแปลงทางชีวเคมีและฟิสิกส์ของ กระบวนการคลอด และพยาธิกำเนิดของการเจ็บครรภ์คลอดก่อนกำหนด : กระบวนการคลอด ; พยาธิกำเนิดของการเจ็บครรภ์คลอดก่อนกำหนด -- ส่วนที่ 3 ปัจจัยเสี่ยงต่อภาวะเจ็บครรภ์คลอดและการคลอดก่อนกำหนด : ปัจจัยเสี่ยงต่อภาวะเจ็บครรภ์และการคลอดก่อนกำหนด -- ส่วนที่ 4 การตรวจคัดกรองภาวะปากมดลูกสั้นและการดูแลรักษา : การคัดกรองและดูแลรักษาภาวะปากมดลูกสั้นในสตรีตั้งครรภ์เดี่ยวที่อายุครรภ์น้อยกว่า 24 สัปดาห์ ; การทำนายการคลอดก่อนกำหนดโดยการประเมินปากมดลูกจากการตรวจอัลตราชาวด์ทางช่องคลอด -- ส่วนที่ 5 การป้องกันการคลอดก่อนกำหนด : การป้องกันการคลอดก่อนกำหนดที่เกิดขึ้นเอง -- ส่วนที่ 6 การดูแลรักษาสตรีตั้งครรภ์ที่มีภาวะเจ็บครรภ์คลอดก่อนกำหนด : การยับยั้งอาการเจ็บครรภ์คลอดก่อนกำหนด ; การใช้แมกนีเซียมซัลเฟตต่อผลการป้องกันระบบประสาทและสมอมองของทารกในครรภ์ ; การใช้สตียรอยด์ในกลุ่มสตรีที่มีความเสียงต่อการคลอดก่อนกำหนด ; การดูแลรักษาสตรีตั้งครรภ์ภายหลังประสบความสำเร็จจากการยับยั้งการเจ็บครรภ์คลอดก่อนกำหนด -- ส่วนที่ 7 โรคคิดเชื้อที่สัมพันธ์กับทารกเกิดก่อนกำหนด : โรคแบคทีเรียล วาจิโนสิส ; กรุ๊ป บี สเตรปโตคอคคัส -- ส่วนที่ 8 ภาวะปากมดลูกไม่แข็งแรงและการดูแลรักษา : ภาวะปากมดลูกไม่แข็งแรง ; การเย็บผูกปากมดลูกทางช่องคลอด -- ส่วนที่ 9 ภาวะถุงน้ำคร่ำแตกก่อนเจ็บครรภ์ในครรภ์ก่อนกำหนด : ภาวะถุงน้ำคร่ำแตกก่อนเจ็บครรภ์ในครรภ์ก่อนกำหนด : อาการทางคลินิกและการวินิจฉัย ; ภาวะถุงน้ำคร่ำแตกในช่วงไตรมาสที่ 2 ; ภาวะถุงน้ำคร่ำแตกในครรภ์ก่อนกำหนกำหนด : การดูแลรักษา -- ส่วนที่ 10 ภาวะเจ็บครรภ์คลอดก่อนกำหนดคุกคาม : ประสบการณ์ในโรงพยาบาลศิริราช ; ภาวะเจ็บครรภ์คลอดก่อนกำหนดคุกคาม : ประสบการณ์โนโรงพยาบาลศิริราช
650  2 ^aLabor (Obstetrics)^xcomplications
650  2 ^aObstetric Labor, Premature.
650  2 ^aObstetrics.
650  7 ^aการคลอด^xภาวะแทรกซ้อน
650  7 ^aการคลอดก่อนกำหนด
650  7 ^aการตั้งครรภ์
650  7 ^aทารกคลอดก่อนกำหนด
650  7 ^aสูติศาสตร์
710 2  ^aมหาวิทยาลัยมหิดล.^bคณะแพทยศาสตร์ศิริราชพยาบาล
710 2  ^aมหาวิทยาลัยมหิดล.^bภาควิชาสูติศาสตร์-นรีเวชวิทยา
710 2  ^aมหาวิทยาลัยมหิดล.^bหน่วยเวชศาสตร์มารดาและทารกใน
945    ^p599^l0^i30513
945    ^p599^l0^i30514
945    ^p599^l0^i30515
945    ^p599^l0^i30516
945    ^p599^l0^i30517
999    ^aกัณชพร จุลอักษร
รายการนี้ยังไม่มีแท็ก
คุณยังไม่ได้ล็อกอิน คุณสามารถมีกิจกรรมร่วมกับเว็บไซต์ได้ แต่ต้องล็อกอินก่อน ::
  ล็อกอิน

รายการสื่อสารสนเทศ

ลำดับที่ ประเภท เลขเรียก/บาร์โค้ด สถานที่ สถานะ
1. หนังสือสำรอง
หนังสือสำรอง
WQ330 ส482ต ฉ.1 
  Barcode: 30513
ห้องสมุดวิทยาเขตนครสวรรค์
►หนังสือทั่วไป:l:General Books
บนชั้น
2. วิทยาศาสตร์การแพทย์ และสุขภาพ
วิทยาศาสตร์การแพทย์ และสุขภาพ
WQ330 ส482ต ฉ.2 
  Barcode: 30514
ห้องสมุดวิทยาเขตนครสวรรค์
►หนังสือทั่วไป:l:General Books
บนชั้น
3. วิทยาศาสตร์การแพทย์ และสุขภาพ
วิทยาศาสตร์การแพทย์ และสุขภาพ
WQ330 ส482ต ฉ.3 
  Barcode: 30515
ห้องสมุดวิทยาเขตนครสวรรค์
►หนังสือทั่วไป:l:General Books
บนชั้น
4. วิทยาศาสตร์การแพทย์ และสุขภาพ
วิทยาศาสตร์การแพทย์ และสุขภาพ
WQ330 ส482ต ฉ.4 
  Barcode: 30516
ห้องสมุดวิทยาเขตนครสวรรค์
►หนังสือทั่วไป:l:General Books
บนชั้น
5. วิทยาศาสตร์การแพทย์ และสุขภาพ
วิทยาศาสตร์การแพทย์ และสุขภาพ
WQ330 ส482ต ฉ.5 
  Barcode: 30517
ห้องสมุดวิทยาเขตนครสวรรค์
►หนังสือทั่วไป:l:General Books
บนชั้น

รายการใกล้เคียง
    ผู้แต่ง [สายฝน ชวาลไพบูลย์]

    หัวเรื่อง [Obstetric Labor, Premature.]
    หัวเรื่อง [Obstetrics.]
    หัวเรื่อง [การคลอดก่อนกำหนด]
    หัวเรื่อง [การตั้งครรภ์]
    หัวเรื่อง [ทารกคลอดก่อนกำหนด]
    หัวเรื่อง [สูติศาสตร์]

BibComment


ยังไม่เคยถูกคอมเมนท์

คอมเมนท์ทรัพยากรรายการนี้
  คอมเมนท์: ตำราคลอดก่อนกำหน..


 Copyright 2026. Bcnsprnw @Library